<?xml version="1.0" encoding="UTF-8"?><?xml-stylesheet type="text/xsl" href="static/style.xsl"?><OAI-PMH xmlns="http://www.openarchives.org/OAI/2.0/" xmlns:xsi="http://www.w3.org/2001/XMLSchema-instance" xsi:schemaLocation="http://www.openarchives.org/OAI/2.0/ http://www.openarchives.org/OAI/2.0/OAI-PMH.xsd"><responseDate>2026-04-13T06:54:20Z</responseDate><request verb="GetRecord" identifier="oai:www.recercat.cat:10256/25227" metadataPrefix="marc">https://recercat.cat/oai/request</request><GetRecord><record><header><identifier>oai:recercat.cat:10256/25227</identifier><datestamp>2026-01-21T00:32:23Z</datestamp><setSpec>com_2072_452966</setSpec><setSpec>com_2072_2054</setSpec><setSpec>col_2072_452968</setSpec></header><metadata><record xmlns="http://www.loc.gov/MARC21/slim" xmlns:dcterms="http://purl.org/dc/terms/" xmlns:xsi="http://www.w3.org/2001/XMLSchema-instance" xmlns:doc="http://www.lyncode.com/xoai" xsi:schemaLocation="http://www.loc.gov/MARC21/slim http://www.loc.gov/standards/marcxml/schema/MARC21slim.xsd">
   <leader>00925njm 22002777a 4500</leader>
   <datafield ind2=" " ind1=" " tag="042">
      <subfield code="a">dc</subfield>
   </datafield>
   <datafield ind2=" " ind1=" " tag="720">
      <subfield code="a">Camprubí Gutiérrez, Silvana</subfield>
      <subfield code="e">author</subfield>
   </datafield>
   <datafield ind2=" " ind1=" " tag="260">
      <subfield code="c">2024-06-04</subfield>
   </datafield>
   <datafield ind2=" " ind1=" " tag="520">
      <subfield code="a">Aquest treball analitza el llenguatge de Josep Carner en l’obra anomenada Una Cançó Nadalenca (1918). L’obra original és de Charles Dickens i és anomenada Christmas Carol (1845). L’elecció de la traducció de Carner es fonamenta en l’impacte significatiu de literatura de Dickens, com també en les seves característiques estilístiques i lingüístiques purament carnerianes. &#xd;
El propòsit d’aquest treball és el d’estudiar el seu procés lexicogràfic mitjançant el context literari i cultural de l’obra; l’exposició breu del treball de l’autor com a traductor; el seu estil d’escriptura, així com estudiar el canvi del&#xd;
lèxic emprat en contraposició amb l’actual versió de Xavier Pàmies (Tots els contes de Nadal, 2009). A través d’un estudi comparatiu, s’analitzarà les interpretacions lèxiques d’ambdós traductors i com afecten la transmissió del significat original de Dickens en la versió catalana. Aquesta investigació lexicogràfica busca proporcionar una nova lectura depurada de vocabulari desfasat en el context lingüístic català actual</subfield>
   </datafield>
   <datafield ind2=" " ind1=" " tag="520">
      <subfield code="a">4</subfield>
   </datafield>
   <datafield tag="653" ind2=" " ind1=" ">
      <subfield code="a">Dickens, Charles</subfield>
   </datafield>
   <datafield tag="653" ind2=" " ind1=" ">
      <subfield code="a">Carner, Josep</subfield>
   </datafield>
   <datafield tag="653" ind2=" " ind1=" ">
      <subfield code="a">Lèxic</subfield>
   </datafield>
   <datafield tag="653" ind2=" " ind1=" ">
      <subfield code="a">Traducció i interpretació</subfield>
   </datafield>
   <datafield tag="653" ind2=" " ind1=" ">
      <subfield code="a">Translating and interpreting</subfield>
   </datafield>
   <datafield tag="653" ind2=" " ind1=" ">
      <subfield code="a">Cançó nadalenca, Una</subfield>
   </datafield>
   <datafield tag="653" ind2=" " ind1=" ">
      <subfield code="a">Christmas Carol</subfield>
   </datafield>
   <datafield ind2="0" ind1="0" tag="245">
      <subfield code="a">Estudi de l'adaptació lèxica i semàntica de la traducció que va fer Josep Carner d'"Una cançó nadalenca" de Charles Dickens</subfield>
   </datafield>
</record></metadata></record></GetRecord></OAI-PMH>